书目信息 |
| 题名: |
中国古代文化常识
|
|
| 作者: | 王力, 著 | |
| 分册: | ||
| 出版信息: | 南京 江苏人民出版社 2018 |
|
| 页数: | 137页, [15] 页图版 | |
| 开本: | 19cm | |
| 丛书名: | 含章文库 | |
| 单 册: | ||
| 中图分类: | K220.3 , K203 | |
| 科图分类: | ||
| 主题词: | 中华文化--Zhong Hua Wen Hua--文化史--古代 | |
| 电子资源: | ||
| ISBN: | 978-7-214-22655-6 | |
| 000 | 01059nam 2200289 450 | |
| 001 | 012001006229 | |
| 005 | 20131016094109.0 | |
| 010 | @a978-7-214-22655-6@dCNY29.80 | |
| 099 | @aCAL 012019021028 | |
| 100 | @a20181210d2018 em y0chiy50 ea | |
| 101 | 0 | @achi |
| 102 | @aCN@b320000 | |
| 105 | @aafk z 000yy | |
| 106 | @ar | |
| 200 | 1 | @a中国古代文化常识@AZhong Guo Gu Dai Wen Hua Chang Shi@e简明精华本@f王力著 |
| 210 | @a南京@c江苏人民出版社@d2018 | |
| 215 | @a137页, [15] 页图版@c图@d19cm | |
| 225 | 2 | @a含章文库@AHan Zhang Wen Ku@i大家谈 |
| 330 | @a本书是王力教授主持并召集众多专家共同编写的关于中国古代文化常识的简明读本,是大众认识中国古代文化面貌的基础参考书。全书包括天文历法、乐律等十四个方面。本书曾在港台地区出版并被译成日、韩等语言流行于海内外。 | |
| 333 | @a文化史研究者 | |
| 410 | 0 | @12001 @a含章文库@i大家谈 |
| 606 | 0 | @a中华文化@AZhong Hua Wen Hua@x文化史@z古代 |
| 690 | @aK220.3@v5 | |
| 690 | @aK203@v4 | |
| 701 | 0 | @a王力,@AWang Li@f1900-1986@4著 |
| 801 | 0 | @aCN@b上海新华@c20191020 |
| 905 | @b1099168-71@dK220.3@e135@f4 | |
| 中国古代文化常识:简明精华本/王力著.-南京:江苏人民出版社,2018 |
| 137页, [15] 页图版:图;19cm.-(含章文库.大家谈) |
| 使用对象:文化史研究者 |
| ISBN 978-7-214-22655-6:CNY29.80 |
| 本书是王力教授主持并召集众多专家共同编写的关于中国古代文化常识的简明读本,是大众认识中国古代文化面貌的基础参考书。全书包括天文历法、乐律等十四个方面。本书曾在港台地区出版并被译成日、韩等语言流行于海内外。 |
| ● |
| 相关链接 |
|
|
|
|
正题名:中国古代文化常识
索取号:K220.3/135
 
预约/预借
| 序号 | 登录号 | 条形码 | 馆藏地/架位号 | 状态 | 备注 |
| 1 | 1099168 | 210991685 | 第二样本阅览室/ [索取号:K220.3/135] | 在馆 | |
| 2 | 1099169 | 210991694 | 第二借阅区/ [索取号:K220.3/135] | 在馆 | |
| 3 | 1099170 | 210991701 | 第二借阅区/ [索取号:K220.3/135] | 在馆 | |
| 4 | 1099171 | 210991710 | 第二借阅区/ [索取号:K220.3/135] | 在馆 |